Responses for Show #4485 - Friday, February 20, 2004

2004 Teen Tournament final game 2.

(Sarah: From the studios of MTV's TRL, we're bringing you TRJ--Total Request Jeopardy!--coming up next!)

Contestants

[<< previous game]

Chris Holden, a senior from Carlisle, Pennsylvania (subtotal of $23,300)

Jennifer Wu, a sophomore from Arkadelphia, Arkansas (subtotal of $5,100)

Courtney Bennis, a senior from Virginia Beach, Virginia (subtotal of $0)

[next game >>]

Jeopardy! Round responses

AFRICAN-AMERICAN FIRSTS
TRL
CONSTELLATION REPRESENTATION
HELOISE'S HINTS FOR TEENS
POLITICIANS
IN THE DICTIONARY
    $200 4
(Chris: What is the Pulitzer Prize?)
...
(Alex: [*], yes. International prize, not American.)

the Nobel Prize

CourtneyChris
    $200 1
Hilary Duff

Courtney
    $200 21
Hercules

Chris
    $200 11
(Courtney: What is the dryer?)
(Chris: What is ice water?)
...
(Alex: Stick it in [*]. It hardens, you scrape it off with a credit card; if you have a credit card. Chris, back to you.)

the freezer

CourtneyChris
Triple Stumper
    $200 9
New York

Triple Stumper
    $200 7
grand

Courtney
    $400 13
Supreme Court justices

Courtney
    $400 2
(Jennifer: Who is Gwen Stefani?)

Pink

CourtneyJennifer
    $400 25
an easel

Jennifer
    $400 12
pushpins (or tacks)

Jennifer
    $400 10
(Courtney: Who is Bobby Kennedy?)

Ted (or Edward) Kennedy

Courtney
Triple Stumper
    $400 8
(Courtney: What is a small barrel?)
(Jennifer: What is a noodle dish?)
(Chris: What is [*]?)
(Alex: Hey, way to go.)
[Laughter]

a person who bowls

CourtneyJenniferChris
    $600 15
Harvard

Jennifer
    $600 3
(Courtney: What is "Beautiful"?)

"Stripped"

CourtneyJennifer
    $600 26
the arrow

Chris
    $600 20
tea

Jennifer
    $600 22
Dennis Hastert

Triple Stumper
    $600 14
a flue

Jennifer
    $800 16
the U.N. (United Nations)

Jennifer
    $800 5
Blu Cantrell

Courtney
    $800 27
(Alex: [*]; the twins.)

Gemini

Chris
    $800 29
(Alex: I don't think I'd do it. It's [*]. [*], makes you smell like a salad.)

vinegar

Triple Stumper
    $800 23
Joe Lieberman

Chris
    $800 18
gross

Courtney
    $1000 17
Harriet Tubman

Jennifer
    $1000 6
Eve 6

Courtney
    $1,000 28
(Chris: What is a cyclops?)

a unicorn

Chris
    $1000 30
kitty litter

Chris
    $1000 24
Robert Byrd

Triple Stumper
    $1000 19
euphoria

Courtney

Scores at the first commercial break (after clue 15):

Courtney Jennifer Chris
$1,600 $1,400 $0

Scores at the end of the Jeopardy! Round:

Courtney Jennifer Chris
$3,400 $4,200 $2,400

Double Jeopardy! Round responses

CHEMISTRY
TEENS IN BOOKS
GRAB BAG
NATIONAL SITES
19th CENTURY AMERICA
GO ____
    $400 26
a neutron

Jennifer
    $400 1
"Little Women"

Jennifer
    $400 16
sorry

Courtney
    $400 4
Utah

Chris
    $400 21
the Louisiana Purchase

Chris
    $400 9
"go with the flow"

Courtney
    $800 27
the pH scale

Jennifer
    $800 2
"Gone with the Wind"

Courtney
    $800 17
(Chris: What is length?)

depth

JenniferChris
    $800 5
Alcatraz

Chris
    $800 22
Brigham Young

Chris
    $800 12
"go the extra mile"

Jennifer
    $500 28
a catalyst

Jennifer
    $1200 3
Lewis & Clark

Chris
    $1200 18
Intel

Jennifer
    $1200 6
(Chris: What is Ford Theatre?)
...
(Alex: It's called [*], not Ford Theatre. Chris, back to you.)

Ford's Theatre

Chris
Triple Stumper
    $1200 23
the Erie Canal

Jennifer
    $1200 13
"go belly-up"

Courtney
    $1600 29
(Courtney: What is the soluble?)
...
[The end-of-round signal sounds.]

a solvent

CourtneyJennifer
    $1600 10
Dorian Gray

Courtney
    $1600 19
(Chris: What is Hindu?)

Buddhism

CourtneyChris
    $1600 7
Montgomery

Chris
    $2,006 24
(Jennifer: I'm going to bet my lucky $2,006.)
(Alex: All right. I don't know why it's your lucky $2,006, but we'll find out right now.)
...
(Alex: That's why it's called the Sooner State. You're right. About a minute to go now. Select again, Jennifer.)

Oklahoma

Jennifer
    $1600 14
(Alex: What is [*]? Isn't that what Ben did? Courtney, go again.)

"go fly a kite"

Triple Stumper
    $2000 11
"Rumble Fish"

Triple Stumper
    $2000 20
Poseidon

Courtney
    $2000 8
Rhode Island

Jennifer
    $2000 25
South Dakota

Triple Stumper
    $2000 15
(Chris: What is "go for the pin"?)

"go to the mat"

Chris
Triple Stumper

Scores at the end of the Double Jeopardy! Round:

Courtney Jennifer Chris
$9,800 $15,906 $2,000

[wagering suggestions for these scores]

Final Jeopardy! Round responses

ITALIAN TOWNS
(Alex: There is a very important subtlety in this Final Jeopardy! clue. I hope the contestants picked up on it.)
...
(Alex: [To Jennifer] Thinking of Leonardo da [*]; Leonardo from [*]. And what did you put down? "I love...")
(Jennifer: I love Arkadoo. Arkadelphia.)
ChrisWhat is Florence?
$2,000
CourtneyWhat is Trent?
$9,799
JenniferWhat is Vinci? I ♡ Arkadoo! XOXO!
$10,000
Vinci

Final scores:

Courtney Jennifer Chris
$1 $25,906 $0

Cumulative scores:

Courtney Jennifer Chris
$1 $31,006 $23,300
2nd runner-up: $15,000 Tournament champion: $75,000 1st runner-up: $25,000

Game dynamics:

Coryat scores:

Courtney Jennifer Chris
$9,800 $16,200 $3,000
16 R,
5 W
19 R
(including 2 DDs),
2 W
12 R,
7 W
(including 1 DD)

Combined Coryat: $29,000

[game clues] [game scores] [suggest correction]

Game tape date: 2003-12-16
The J! Archive is created by fans, for fans. Scraping, republication, monetization, and malicious use prohibited; this site may use cookies and collect identifying information. See terms. The Jeopardy! game show and all elements thereof, including but not limited to copyright and trademark thereto, are the property of Jeopardy Productions, Inc. and are protected under law. This website is not affiliated with, sponsored by, or operated by Jeopardy Productions, Inc. Join the discussion at JBoard.tv.